| 000 | 00514pam a2200193 a 4500 | ||
|---|---|---|---|
| 020 | _a0801680123 | ||
| 040 | _cDLC | ||
| 082 | 0 | 0 | _a616 MOS 1994 A038 Or. |
| 100 | 1 | _aGrimes, Deanna E. | |
| 245 | 1 | 0 | _aAIDS and HIV infection / |
| 260 |
_aSt. Louis : _bMosby, _cc1994. |
||
| 300 |
_axi, 284 p. : _bill. (some col.) ; _c28 cm. |
||
| 650 | 0 | _aAIDS (Disease) | |
| 650 | 0 | _aHIV infections | |
| 650 | 2 | _aHIV Infections | |
| 650 | 2 | _aAcquired Immunodeficiency Syndrome | |
| 700 | 1 | _aGrimes, Richard M. | |
| 942 | _cEK | ||
| 999 |
_c11677 _d11677 |
||